000 00218 a2200109 4500
020 _a9780590674454
041 _aeng
100 _aEllen Levine
245 _aIf You Lived With The Iroquois
942 _cBK
952 _71
999 _c23644
_d23644